[Event "9th Mario Covas Jr"]
[Site "Santos BRA"]
[Date "2010.08.15"]
[Round "4"]
[White "El Debs,F"]
[Black "Fier,A"]
[Result "1-0"]
[WhiteElo "2467"]
[BlackElo "2604"]

1.Nf3 Nf6 2.c4 g6 3.Nc3 Bg7 4.e4 d6 5.d4 O-O 6.Be2 e5 7.Be3 exd4 8.Nxd4 Re8
9.f3 Nc6 10.Qd2 Nh5 11.Nxc6 bxc6 12.O-O c5 13.Nd5 Rb8 14.Rab1 c6 15.Nf4 Nxf4
16.Bxf4 Bd4+ 17.Kh1 f5 18.Bd3 Qf6 19.Bg5 Qf7 20.b3 fxe4 21.fxe4 Qg7 22.Bh6 Qe5
23.Rf3 Bg4 24.Rg3 Qe6 25.Qg5 Be2 26.Bxe2 Qxe4 27.Re1 Bf2 28.Qf6 Qd4 29.Rxg6+ hxg6
30.Qxg6+ Kh8 31.Bg5 Rf8 32.Bd3 Rb7 33.Be7 Qg7 34.Qh5+ Kg8 35.Bxf8  1-0

[Event "e2e4 Autumn Masters A"]
[Site "Uxbridge ENG"]
[Date "2010.08.15"]
[Round "8"]
[White "Buckley,G"]
[Black "McNab,C"]
[Result "1/2-1/2"]
[WhiteElo "2380"]
[BlackElo "2463"]

1.d4 d6 2.Nf3 g6 3.c4 Bg7 4.Nc3 Nd7 5.e4 e5 6.Be2 Ngf6 7.O-O O-O 8.Be3 b6
9.Qc2 exd4 10.Nxd4 Bb7 11.f3 Re8 12.Bf2 c6 13.Rad1 Qe7 14.Rfe1 h5 15.Bf1 Nh7
16.g3 Ne5 17.Qe2 Ba6 18.b3 Qf8 19.Be3 Rad8 20.Qf2 Bc8 21.h3 c5 22.Nde2 f5
23.f4 Nc6 24.exf5 Bxf5 25.Nd5 Nf6 26.Nec3 Ne4 27.Nxe4 Bxe4 28.g4 hxg4 29.hxg4 Nb4
30.Nxb4 cxb4 31.Bd4 Bxd4 32.Rxd4 Bb7 33.Rxe8 Qxe8 34.f5 Qe5 35.Qf4 Qxf4 36.Rxf4 gxf5
37.Rxf5 Re8 38.Bg2 Bxg2 39.Kxg2 Re2+ 40.Rf2 Re3 41.Rd2 Kf7 42.Rxd6 Re2+ 43.Kf3 Rxa2
44.Ke4 Re2+ 45.Kf4 Rf2+ 46.Ke3 Rg2 47.Kf3 Rb2 48.Rd3 Ke6 49.Re3+ Kf6 50.Ke4 Kg5
51.Kd5 Kxg4 52.Re7 Ra2 53.Kc6 Ra5 54.Rf7 Kg5 55.Kb7 Kg6 56.Rd7 Kf6 57.Kc6 Ke6
58.Rd6+ Ke7 59.Rd7+ Ke6 60.Rd6+  1/2-1/2

[Event "Pan-Armenian Olym"]
[Site "Yerevan ARM"]
[Date "2010.08.15"]
[Round "1"]
[White "Oknayan,Razmig"]
[Black "Matinian,N"]
[Result "0-1"]
[WhiteElo "1971"]
[BlackElo "2380"]

1.d4 Nf6 2.c4 g6 3.Nc3 Bg7 4.e4 d6 5.Nf3 O-O 6.Be2 e5 7.dxe5 dxe5 8.Qxd8 Rxd8
9.Bg5 Re8 10.O-O-O h6 11.Bxf6 Bxf6 12.Nd5 Bd8 13.Rhe1 Na6 14.g4 Nc5 15.Nc3 b6
16.h4 Bb7 17.Bd3 Be7 18.Bc2 Kg7 19.Nd5 Bd6 20.g5 hxg5 21.hxg5 Rh8 22.Rh1 Ne6
23.Ne3 Be7 24.Rxh8 Rxh8 25.Nxe5 Bxg5 26.Rd7 Rf8 27.Kd1 Bc8 28.Rd3 Rh8 29.Nf3 Rh1+
30.Kd2 Bf4 31.b4 Rf1 32.Ke2 Ra1 33.Bb3 Bd6 34.Rd1 Rxd1 35.Kxd1 Bxb4 36.Ne1 Bc5
37.Kd2 Ng5 38.f3 Bb4+  0-1

[Event "Negroponte Open"]
[Site "Chalkis GRE"]
[Date "2010.08.17"]
[Round "9"]
[White "Nikolaidis,I"]
[Black "Vorobiov,E"]
[Result "1-0"]
[WhiteElo "2493"]
[BlackElo "2592"]

1.c4 g6 2.e4 Bg7 3.d4 d6 4.Nc3 Nf6 5.Be2 O-O 6.Nf3 e5 7.O-O Nbd7 8.Be3 Re8
9.d5 Nh5 10.g3 Bf8 11.Kh1 Ng7 12.g4 Nf6 13.h3 h5 14.g5 Nh7 15.Kg2 Be7 16.Qd2 h4
17.Rg1 Nh5 18.Kh2 c5 19.Rg2 Kg7 20.Rag1 Rh8 21.Nxe5 dxe5 22.Bxh5 gxh5 23.g6 Nf6
24.f4 Ng4+ 25.hxg4 hxg4 26.Rxg4 Bxg4 27.Rxg4 f6 28.f5 a6 29.a4 a5 30.Qf2 b6
31.Kh3 Qd7 32.Qe2 Bd6 33.Rg1 Rab8 34.Ra1 Ra8 35.Nd1 Rag8 36.Nf2 Be7 37.Ng4 Kf8
38.Qc2 Bd8 39.Rg1 Ke7 40.Qd1 Kd6 41.Nh6 Rg7 42.Qb3 Qe8 43.Rg4 Kc7 44.Rg2 Be7
45.Nf7 Rxf7 46.gxf7 Qxf7 47.Qb5 Qe8 48.Qa6 Qb8 49.Rg7 Kd6 50.Qb5 Qc7 51.Bf2 Rc8
52.Bxh4 Qd8 53.Kg4  1-0

[Event "9th Mario Covas Jr"]
[Site "Santos BRA"]
[Date "2010.08.17"]
[Round "6"]
[White "Mareco,S"]
[Black "Bachmann,Ax"]
[Result "1-0"]
[WhiteElo "2527"]
[BlackElo "2552"]

1.d4 Nf6 2.c4 g6 3.Nc3 Bg7 4.Nf3 d6 5.e4 O-O 6.Be2 Na6 7.O-O e5 8.Re1 c6
9.Bf1 Bg4 10.d5 c5 11.Bg5 h6 12.Bh4 Bd7 13.Nd2 g5 14.Bg3 h5 15.f3 Bh6 16.Bd3 Ne8
17.Nf1 f5 18.exf5 Bxf5 19.Bxf5 Rxf5 20.Bf2 Ng7 21.Be3 Rf6 22.Ne4 Rg6 23.g4 Qd7
24.h3 Rf8 25.Kg2 Nc7 26.Nfg3 h4 27.Nf1 Nce8 28.Qd3 Kf7 29.Nfd2 Nf6 30.a3 Nge8
31.b4 b6 32.bxc5 bxc5 33.Rab1 Rg7 34.Rb8 Kg8 35.Reb1  1-0

[Event "44th Magistral"]
[Site "Mislata ESP"]
[Date "2010.08.19"]
[Round "6"]
[White "Arizmendi Martinez,J"]
[Black "Vassallo Barroche,M"]
[Result "1/2-1/2"]
[WhiteElo "2528"]
[BlackElo "2409"]

1.d4 Nf6 2.c4 g6 3.Nc3 Bg7 4.e4 d6 5.Nf3 O-O 6.Be2 e5 7.Be3 exd4 8.Nxd4 Re8
9.f3 c6 10.Bf2 a6 11.O-O b5 12.a3 Bb7 13.Nb3 Nh5 14.Qd2 Be5 15.g3 bxc4 16.Bxc4 Nf6
17.Rad1 Nbd7 18.Rfe1 a5 19.Nd4 Nb6 20.Bf1 Nfd7 21.f4 Bg7 22.Nf3 d5 23.exd5 Rxe1
24.Rxe1 cxd5 25.Bd4 Nf6 26.f5 Nc4 27.Qf4 Nh5 28.Qg4 Nf6 29.Qh4 Nd6 30.fxg6 hxg6
31.Bd3 Nfe4 32.Qxd8+  1/2-1/2

[Event "9th Open"]
[Site "Istanbul TUR"]
[Date "2010.08.21"]
[Round "1"]
[White "Sumets,A"]
[Black "Altin,H"]
[Result "1-0"]
[WhiteElo "2618"]
[BlackElo "1848"]

1.d4 Nf6 2.c4 g6 3.Nc3 Bg7 4.e4 d6 5.Nf3 O-O 6.Be2 Nbd7 7.O-O e5 8.Be3 Re8
9.d5 b6 10.Nd2 a5 11.a3 Bb7 12.b4 axb4 13.axb4 Qe7 14.Nb5 Rxa1 15.Qxa1 Ra8
16.Qc3 Ne8 17.Qc2 Qd8 18.Nb3 Ba6 19.Nc3 Ndf6 20.Rc1 Qd7 21.h3 Kh8 22.Ra1 Qc8
23.Rc1 Ng8 24.c5 Bxe2 25.Qxe2 bxc5 26.bxc5 Bh6 27.Bxh6 Nxh6 28.Nd2 Kg7 29.Nb5 Qa6
30.Qc4 Ng8 31.Nf3 Ne7 32.Nxc7 Nxc7 33.cxd6 Qxc4 34.Rxc4 Ncxd5 35.dxe7 Nxe7
36.Nxe5 Rc8 37.Rxc8 Nxc8 38.Nc4 Ne7 39.f3 f5 40.Kf2 fxe4 41.fxe4 Kf6 42.Ke3 Nc6
43.Nd2 Ne5 44.Nf3 h6 45.Nxe5 Kxe5 46.g3 g5 47.g4 Ke6 48.Kd4 Kd6 49.e5+  1-0

[Event "1st Fermo Festival"]
[Site "Porto San Giorgio ITA"]
[Date "2010.08.21"]
[Round "1"]
[White "David,Alb"]
[Black "Di Mantino,M"]
[Result "1-0"]
[WhiteElo "2622"]
[BlackElo "1985"]

1.d4 Nf6 2.c4 g6 3.Nc3 Bg7 4.e4 d6 5.Nf3 O-O 6.Be2 e5 7.Be3 Nc6 8.d5 Ne7
9.Nd2 Nd7 10.O-O f5 11.f3 f4 12.Bf2 g5 13.b4 Nf6 14.c5 Ng6 15.Nc4 h5 16.cxd6 cxd6
17.Nb5 Ne8 18.Nxa7 Rxa7 19.Bxa7 g4 20.Nb6 g3 21.Nxc8 gxh2+ 22.Kh1 Qxc8 23.Rc1 Qd8
24.Qc2 Qg5 25.Qc8 Ne7 26.Qe6+ Kh7 27.Bb5 Kh8 28.Bb8 Bf6 29.Bxe8 Rxe8 30.Bxd6 Rg8
31.Qh3 Ng6 32.Rc8 Bd8 33.Qf5  1-0

[Event "25th Open"]
[Site "Schwarzach AUT"]
[Date "2010.08.21"]
[Round "1"]
[White "Villani,C"]
[Black "Feige,M"]
[Result "0-1"]
[WhiteElo "2052"]
[BlackElo "2402"]

1.Nf3 Nf6 2.c4 g6 3.Nc3 Bg7 4.e4 d6 5.d4 O-O 6.Be2 Na6 7.O-O e5 8.Be3 Ng4
9.Bg5 f6 10.Bc1 Nh6 11.Rb1 Nf7 12.Be3 f5 13.dxe5 dxe5 14.Qxd8 Rxd8 15.Rfd1 Rxd1+
16.Rxd1 Be6 17.a3 c6 18.g3 Nc7 19.Nd2 Ne8 20.f3 Nf6 21.Kg2 Bh6 22.Bxh6 Nxh6
23.c5 Rd8 24.exf5 gxf5 25.Nc4 Rxd1 26.Nxd1 Nf7 27.Na5 Nd8 28.Nc4 Nd7 29.b4 Kg7
30.Nde3 Kf6 31.Nd6 a5 32.Bd3 axb4 33.axb4 f4 34.Nec4 h6 35.Ne4+ Ke7 36.Ned6 b5
37.Nc8+ Kf6 38.N4d6 Nb8 39.Ne4+ Kg7 40.Ncd6 Na6 41.gxf4 exf4 42.Nf2 Nxb4
43.Be4 Bd5 44.Bxd5 Nxd5 45.Nd3 Kf6 46.Kh3 Ne6 47.Ne4+ Kf5 48.Nd6+ Kg5 49.Ne4+ Kh5
50.Ne5 Nd4 51.Kg2 b4 52.Kf2 b3 53.Nd3 Kg6 54.Nd2 Kf5 55.Nc4 Ke6 56.Nd2 Kd7
57.Nc4 Kc7 58.Nce5 Nc3 59.Nb2 Ne6 60.Ned3 Kb7 61.Ke1 Ka6 62.Kd2 Nd5 63.Ne5 Kb5
64.Ng4 h5  0-1

[Event "Pan-Armenian Olym"]
[Site "Yerevan ARM"]
[Date "2010.08.21"]
[Round "7"]
[White "Hairapetian,A"]
[Black "Matinian,N"]
[Result "0-1"]
[WhiteElo "2213"]
[BlackElo "2380"]

1.d4 Nf6 2.c4 g6 3.Nc3 Bg7 4.Nf3 O-O 5.e4 d6 6.Be2 e5 7.d5 a5 8.Bg5 h6 9.Bh4 Na6
10.O-O Qe8 11.Nd2 Bd7 12.b3 Nh7 13.Rc1 h5 14.h3 Bh6 15.a3 Kg7 16.Rb1 Bg5
17.Bg3 Qe7 18.b4 axb4 19.axb4 Bh6 20.Qc2 h4 21.Bh2 Bxh3 22.f4 Bd7 23.f5 Be3+
24.Kh1 Qg5 25.Nf3 Qh6 26.Nd1 Bf4 27.Nf2 Nf6 28.Bxf4 Qxf4 29.Bd3 Nh5 30.Kg1 Ng3
31.Rfe1 Rh8 32.Nh2 Qg5 33.Nh3 Qh5 34.Nf1 gxf5 35.Nxg3 hxg3 36.exf5 Rae8 37.c5 Qh4
38.Re4 Qf6 39.Rg4+ Kf8 40.c6 Bc8 41.Be4 bxc6 42.Qxc6 Qd8 43.Ng5 Qd7 44.Qc3 Qb5
45.Qe3 Nxb4 46.Rxg3 Qc5 47.Qxc5 dxc5 48.Rc3 Rh5 49.Nf3 Bxf5 50.Bxf5 Rxf5
51.Rxc5 Nd3 52.Rxc7 e4 53.Nd4 Rxd5 54.Rbb7 Ne5 55.Nf5 Ra8 56.Ne3 Rd3 57.Re7 Ra1+
58.Kh2 Ra5 59.Nf5 e3 60.Ng3 e2 61.Nf5 Ng4+  0-1

[Event "6th Geller Memorial Open A"]
[Site "Odessa UKR"]
[Date "2010.08.22"]
[Round "2"]
[White "Mirzoev,E"]
[Black "Klinova,M"]
[Result "1-0"]
[WhiteElo "2109"]
[BlackElo "2303"]

1.d4 d6 2.Nf3 Nf6 3.c4 g6 4.Nc3 Bg7 5.e4 O-O 6.Be2 e5 7.d5 Nbd7 8.Bg5 a5
9.Nd2 Nc5 10.O-O Bd7 11.b3 h6 12.Be3 Qe8 13.a3 Ng4 14.Bxg4 Bxg4 15.f3 Bd7
16.Qc2 f5 17.b4 axb4 18.axb4 Rxa1 19.Rxa1 Na6 20.c5 Nxb4 21.Qb1 Na6 22.c6 bxc6
23.dxc6 Be6 24.Qb5 Nc5 25.Bxc5 dxc5 26.Nb3 Qd8 27.Rd1 Qg5 28.Nxc5 Qe3+ 29.Kh1 Qxc3
30.Nxe6 Ra8 31.h3 Ra1 32.Rxa1 Qxa1+ 33.Kh2 Qc1 34.Qd5 Bf6 35.Qd7  1-0

[Event "Open"]
[Site "Baku AZE"]
[Date "2010.08.23"]
[Round "1"]
[White "Aliakbarov,A"]
[Black "Mamedov,Rau"]
[Result "0-1"]
[WhiteElo "2080"]
[BlackElo "2660"]

1.d4 d6 2.c4 g6 3.Nc3 Bg7 4.Nf3 Nd7 5.e4 e5 6.Be2 Ngf6 7.O-O O-O 8.Re1 h6
9.Bf1 Re8 10.Qc2 c6 11.b3 exd4 12.Nxd4 Ne5 13.Bb2 a6 14.Rad1 Bg4 15.f3 c5
16.Nde2 Bxf3 17.gxf3 Nxf3+ 18.Kg2 Nxe1+ 19.Rxe1 Nxe4 20.Nxe4 Bxb2 21.Qxb2 Rxe4
22.Rd1 Qg5+ 23.Ng3 Re6 24.Qd2 Rae8 25.Qxg5 hxg5 26.Rd5 f5 27.Kf2 Kg7 28.Rd3 g4
29.Ne2 f4 30.Nc3 g5 31.Nd5 Rh8 32.h3 g3+ 33.Kf3 Re1 34.Bg2 Rhe8 35.h4 R8e2
36.Bh3 Rf2+ 37.Kg4 g2 38.Bxg2 Rxg2+ 39.Kh5 Rh1  0-1

[Event "6th Prospero A Pichay Cup"]
[Site "Manila PHI"]
[Date "2010.08.23"]
[Round "4"]
[White "Gatus,E"]
[Black "Bersamina,Paulo"]
[Result "1/2-1/2"]
[WhiteElo "2265"]
[BlackElo "1984"]

1.d4 Nf6 2.Nf3 g6 3.c4 Bg7 4.Nc3 d6 5.e4 O-O 6.Be2 Na6 7.O-O e5 8.Be3 Ng4
9.Bg5 Qe8 10.dxe5 dxe5 11.h3 h6 12.hxg4 hxg5 13.Nxg5 Qe7 14.Nh3 c6 15.Qc1 Be6
16.Qe3 Rfd8 17.Rfd1 Rd4 18.b3 Rad8 19.g3 Bc8 20.Kg2 Nc5 21.Ng1 Ne6 22.Nf3 Rxd1
23.Rxd1 Nd4 24.Nxd4 exd4 25.Qd3 Re8 26.Nb1 Qxe4+ 27.Qxe4 Rxe4 28.Bf3 Re7
29.Nd2 c5 30.Kf1 Be6 31.Re1 Kf8 32.Ne4 b6 33.Ng5 Bh6 34.Nxe6+ Rxe6 35.Rxe6 fxe6
36.Ke2 Ke7 37.Kd3 Kf6 38.Ke4 Bd2 39.Kd3 Be1 40.Ke2 Bc3 41.Bc6 Bb2 42.f4 Bc1
43.g5+ Kf7 44.Kd3 Be3 45.Ke4 Bf2 46.g4 Bg3 47.Kf3 Be1 48.Be4 Bd2 49.a4 Bc1
50.a5 bxa5 51.Bd3 e5 52.fxe5 Bxg5 53.Be4 Ke6 54.Bxg6 Kxe5 55.Bd3 Bf4 56.Bg6 Be3
57.Be4 Bd2 58.Bg6 Bc1 59.Bc2 Bg5 60.Bh7 d3 61.Bxd3 Kd4 62.Be2 Kc3 63.Ke4 Kxb3
64.Kd3 a4 65.Bd1+ Kb4 66.Kc2 Kxc4 67.Be2+ Kb4 68.Bf3 c4 69.Kb2 Bf6+ 70.Ka2 Be7
71.Kb2 a3+ 72.Ka2 Bg5 73.Bd5 Bc1 74.Kb1 Bb2 75.Ka2 Kc5 76.Bf7 Kd4 77.g5 Kd3
78.g6 a5 79.Be6 a4 80.g7  1/2-1/2

[Event "1st Fermo Festival"]
[Site "Porto San Giorgio ITA"]
[Date "2010.08.23"]
[Round "3"]
[White "David,Alb"]
[Black "Fierro Baquero,M"]
[Result "1-0"]
[WhiteElo "2622"]
[BlackElo "2372"]

1.d4 Nf6 2.c4 g6 3.Nc3 Bg7 4.e4 d6 5.Nf3 O-O 6.Be2 e5 7.Be3 exd4 8.Nxd4 Re8
9.f3 c6 10.Qd2 d5 11.exd5 cxd5 12.c5 Nc6 13.O-O a6 14.Bf2 Be6 15.Rad1 Qe7
16.Rfe1 Qf8 17.Na4 Nd7 18.b4 Nxd4 19.Bxd4 Ne5 20.Nb6 Rad8 21.Bxa6 Nxf3+ 22.gxf3 Bxd4+
23.Qxd4 bxa6 24.Re5 Qh6 25.Rde1 Qh3 26.R5e3 Rf8 27.a4 Qf5 28.c6 Rd6 29.b5 axb5
30.axb5 Qg5+ 31.Kf2 Bh3 32.Rg1 Qf5 33.Rg3 Re6 34.Rxe6 fxe6 35.Qc5 Qd3 36.Rxh3 Qd2+
37.Kf1 d4 38.Qe5 Qd1+ 39.Kf2 Qc2+ 40.Kg3 Qb3 41.Qe4 Qd1 42.c7 Qg1+ 43.Kh4 Qf2+
44.Kg4 Qg2+ 45.Rg3 Qxh2 46.Qxe6+ Kg7 47.Qe5+  1-0

[Event "TCh-SRB 1st League"]
[Site "Vrnjacka Banja SRB"]
[Date "2010.08.23"]
[Round "3"]
[White "Rapport,R"]
[Black "Ivanisevic,I"]
[Result "0-1"]
[WhiteElo "2534"]
[BlackElo "2611"]

1.Nf3 Nf6 2.c4 g6 3.Nc3 Bg7 4.e4 d6 5.d4 O-O 6.Be3 e5 7.Be2 Ng4 8.Bg5 f6
9.Bh4 Nd7 10.Nxe5 Nxf2 11.Bxf2 fxe5 12.d5 Bh6 13.Bf3 Nf6 14.O-O Rf7 15.a4 Qf8
16.a5 a6 17.Ra3 Bf4 18.g3 Bg5 19.Kg2 Bd7 20.Ne2 Ng4 21.Ng1 Nxf2 22.Rxf2 Qh6
23.Qe2 Raf8 24.b4 b6 25.Rb3 Be7 26.axb6 cxb6 27.Ra3 Qc1 28.Rxa6 Bg5 29.Ra2 Qc3
30.Rc2 Qxb4 31.Qd3 Qc5 32.Rc3 Ra8 33.h4 Bh6 34.Rf1 b5 35.cxb5 Bxb5 36.Rxc5 Bxd3
37.Rd1 Ra2+ 38.Kh3 dxc5 39.Rxd3 c4  0-1

[Event "TCh-SRB 1st League"]
[Site "Vrnjacka Banja SRB"]
[Date "2010.08.24"]
[Round "4"]
[White "Ivanisevic,I"]
[Black "Markus,Rob"]
[Result "1/2-1/2"]
[WhiteElo "2611"]
[BlackElo "2616"]

1.d4 Nf6 2.c4 g6 3.Nc3 Bg7 4.e4 d6 5.Nf3 O-O 6.Be2 e5 7.O-O c6 8.d5 Na6 9.Bg5 h6
10.Bh4 g5 11.Bg3 Nh5 12.Nd2 Nf4 13.Bg4 Nc5 14.h3 cxd5 15.cxd5 Bxg4 16.hxg4 Rc8
17.Rb1 Qd7 18.a4 Bf6 19.b3 Bd8 20.Nc4 Nxa4 21.Nxa4 b5 22.Ne3 bxa4 23.bxa4 Ng6
24.Nf5 Ne7 25.Nxh6+ Kg7 26.Nf5+ Nxf5 27.gxf5 Bb6 28.a5 Bxa5 29.f4 Bb6+ 30.Rxb6 axb6
31.Qg4 f6 32.fxg5 Rh8 33.gxf6+ Kf8 34.Ra1 Qh7 35.Bh4 Qh6 36.Qg7+ Qxg7 37.fxg7+ Kxg7
38.Ra7+ Kg8 39.Be7 Rh7 40.f6 Rf7 41.Kf2 Kh7 42.Ra1 Kg6 43.Rb1 Kg5 44.Ke3 Rc3+
45.Kd2 Rg3 46.Bxd6 Kxf6 47.Rxb6 Kg5 48.Bxe5 Rf2+ 49.Ke1 Rgxg2 50.Rb8 Re2+
51.Kf1 Ref2+ 52.Ke1 Re2+ 53.Kf1 Ref2+  1/2-1/2

[Event "Open"]
[Site "Baku AZE"]
[Date "2010.08.26"]
[Round "4"]
[White "Ibrahimov,R"]
[Black "Agaragimov,D"]
[Result "1-0"]
[WhiteElo "2534"]
[BlackElo "2311"]

1.Nf3 Nf6 2.c4 g6 3.Nc3 Bg7 4.e4 d6 5.d4 O-O 6.Be2 Na6 7.O-O e5 8.Be3 Qe8
9.dxe5 dxe5 10.h3 b6 11.a3 Bb7 12.Qc2 Nh5 13.c5 Nf4 14.Bc4 Nxc5 15.Bxc5 bxc5
16.Na4 Qe7 17.Nxc5 Bc8 18.Rfd1 Kh8 19.Nd3 Bb7 20.Nxf4 exf4 21.Bd5 c6 22.Bc4 Rab8
23.Rab1 a5 24.a4 Rfe8 25.b3 c5 26.Bd5 h6 27.Bxb7 Rxb7 28.e5 Kh7 29.Rd5 Bf8
30.Nd2 Qe6 31.Qd3 Rb4 32.Nc4 Reb8 33.Rd8 Rxd8 34.Qxd8 Be7 35.Qd3 Bf8 36.Qe4 Bg7
37.Qxf4 Qd7 38.Qf3 Qc7 39.Rd1 Bxe5 40.Nxe5 Qxe5 41.Qxf7+ Qg7 42.Rd7 Qxf7
43.Rxf7+ Kg8 44.Rc7 Rxb3 45.Rxc5 h5 46.Rxa5 Kg7 47.g3 Kf6 48.h4 Ra3 49.Kg2 Ke6
50.Rg5 Kf6 51.a5 Rb3 52.f4 Ra3 53.Kf2 Rd3 54.Ke2 Rd4 55.Ke3 Rd1 56.Ke2 Rd6
57.Rb5 Rd4 58.Re5 Ra4 59.Kd2 Ra2+ 60.Kc1 Ra3 61.Rg5 Rb3 62.Kc2 Rb4 63.Kc3 Rb1
64.Kc4 Rb2 65.a6  1-0

[Event "6th Prospero A Pichay Cup"]
[Site "Manila PHI"]
[Date "2010.08.26"]
[Round "9"]
[White "Caturla,C"]
[Black "Bersamina,Paulo"]
[Result "1-0"]
[WhiteElo "2250"]
[BlackElo "1984"]

1.c4 Nf6 2.Nc3 g6 3.e4 d6 4.d4 Bg7 5.Nf3 O-O 6.Be2 Na6 7.O-O e5 8.d5 Nc5
9.Nd2 Bh6 10.Qc2 a5 11.Nb3 Bxc1 12.Raxc1 Nxb3 13.Qxb3 Nd7 14.Qc2 Nc5 15.Na4 Nxa4
16.Qxa4 f5 17.c5 f4 18.f3 g5 19.Rc3 h5 20.h3 Kh8 21.Rfc1 Rg8 22.cxd6 cxd6
23.Qb5 Rg7 24.Kf1 Qf8 25.Qb6 Rd7 26.Ra3 a4 27.Qb4 Qd8 28.Rxa4 Rxa4 29.Qxa4 Rc7
30.Rc4 Bd7 31.Qa5 Rc8 32.Qxd8+ Rxd8 33.Rc7 Be8 34.Rxb7 Rc8 35.b3 Kg8 36.Bc4 Kf8
37.Ke2 Ra8 38.a4 Bxa4 39.bxa4 Rxa4 40.Rc7 Ra3 41.Rd7 g4 42.hxg4 hxg4 43.Rxd6 Re3+
44.Kd2 gxf3 45.gxf3 Rxf3 46.Re6  1-0

[Event "TCh-SRB 1st League"]
[Site "Vrnjacka Banja SRB"]
[Date "2010.08.26"]
[Round "6"]
[White "Indjic,D"]
[Black "Sedlak,N"]
[Result "0-1"]
[WhiteElo "2329"]
[BlackElo "2557"]

1.d4 Nf6 2.c4 g6 3.Nc3 Bg7 4.e4 d6 5.Nf3 O-O 6.Be2 e5 7.d5 a5 8.Bg5 h6 9.Bh4 Na6
10.Nd2 Bd7 11.b3 Qe8 12.a3 Nh7 13.Rb1 h5 14.f3 Bh6 15.Bf2 Qe7 16.b4 axb4
17.axb4 h4 18.Rb2 Bf4 19.g3 Bh6 20.Nf1 c5 21.dxc6 bxc6 22.b5 Nc5 23.bxc6 Bxc6
24.Ne3 f5 25.Ned5 Qf7 26.O-O Ng5 27.Rb6 Nh3+ 28.Kg2 Nxf2 29.Rxf2 Bxd5 30.Nxd5 fxe4
31.Rxd6 e3 32.Rxg6+ Bg7 33.Rxg7+ Kxg7 34.Nxe3 Ne4 35.Rf1 Nc3 36.Qd3 Ra2 37.Nc2 h3+
38.Kh1 Nxe2 39.Qxe2 Qf5 40.Rf2 Rb8 41.Qe1 Kg8 42.Qd1 Rxc2 43.Rxc2 Qxf3+  0-1

[Event "Open"]
[Site "Baku AZE"]
[Date "2010.08.27"]
[Round "5"]
[White "Agaragimov,D"]
[Black "Zeynalov,R"]
[Result "1-0"]
[WhiteElo "2311"]
[BlackElo "2030"]

1.Nf3 Nf6 2.d4 g6 3.c4 Bg7 4.Nc3 d6 5.e4 O-O 6.Be2 e5 7.Be3 Nc6 8.d5 Ne7
9.Nd2 Ne8 10.f3 f5 11.Qc2 Bd7 12.c5 a6 13.Qb3 Rb8 14.Nc4 Kh8 15.O-O dxc5
16.Bxc5 b5 17.Qa3 Rf7 18.Na5 Nd6 19.Rad1 f4 20.Kh1 Rf6 21.Nc6 Nxc6 22.dxc6 Bxc6
23.Qxa6 Qe8 24.Qa3 g5 25.Nd5 Bxd5 26.Rxd5 Rh6 27.Qd3 Nb7 28.Ba3 c6 29.Rd7 Bf8
30.Bxf8 Qxf8 31.Qc3 Re6 32.Rfd1 Nc5 33.Rc7 Re7 34.Qxc5  1-0

[Event "Open"]
[Site "Baku AZE"]
[Date "2010.08.27"]
[Round "5"]
[White "Kowsarinia,A"]
[Black "Jojua,D"]
[Result "1/2-1/2"]
[WhiteElo "2195"]
[BlackElo "2530"]

1.d4 Nf6 2.c4 g6 3.Nc3 Bg7 4.e4 d6 5.Nf3 O-O 6.Be2 Nbd7 7.O-O e5 8.Be3 c6
9.d5 c5 10.Ne1 Ne8 11.g4 f5 12.f3 Ndf6 13.Nd3 Nc7 14.a3 b6 15.Rc1 Bd7 16.exf5 gxf5
17.g5 Nh5 18.f4 exf4 19.Nxf4 Qxg5+ 20.Kh1 Nxf4 21.Bxf4 Qe7 22.Qd2 Be8 23.Rce1 Bg6
24.Bh5 Qf6 25.Bxg6 hxg6 26.Qg2 Rfe8  1/2-1/2

[Event "9th Open"]
[Site "Istanbul TUR"]
[Date "2010.08.27"]
[Round "8"]
[White "Uzun,F"]
[Black "Isik,E"]
[Result "1/2-1/2"]
[WhiteElo "2043"]
[BlackElo "2183"]

1.d4 Nf6 2.c4 g6 3.Nc3 Bg7 4.e4 d6 5.Nf3 O-O 6.Be2 e5 7.dxe5 dxe5 8.Qxd8 Rxd8
9.Bg5 Re8 10.Nd5 Nxd5 11.cxd5 c6 12.Bc4 cxd5 13.Bxd5 Nd7 14.O-O-O Nf6 15.Bxf6 Bxf6
16.Rd3 Kg7 17.Kb1 Rb8 18.Rc1 Bd8 19.Nd2 Bg5 20.Rc7 Re7 21.Rxe7 Bxe7 22.Nc4 f6
23.Rb3 Bc5 24.f3 b6 25.Na5 Bd7 26.Nc6 Rc8 27.Nxa7 Rc7 28.Nb5 Bxb5 29.Rxb5 Be3
30.b4 Rc1+ 31.Kb2 Rg1 32.a4 Rxg2+ 33.Kb3 Rxh2 34.a5 bxa5 35.Rb7+ Kh6 36.bxa5 Kg5
37.a6 h5 38.a7 Bxa7 39.Rxa7 Rf2 40.Rg7 Rxf3+ 41.Kc4 Re3 42.Bf7 Rxe4+ 43.Kd3 Kf4
44.Rxg6 Rd4+ 45.Ke2 f5 46.Rh6 Rb4 47.Bxh5 Rb2+ 48.Ke1 e4 49.Ra6 Kg5 50.Bg6 Rh2
51.Re6 Rh6 52.Bxf5 Rh1+ 53.Ke2 Kxf5 54.Ra6 Rh2+ 55.Ke1 Rh3 56.Ke2 Rb3 57.Ra8 Rb2+
58.Ke3 Ke5  1/2-1/2

[Event "TCh-SUI 2010"]
[Site "Switzerland SUI"]
[Date "2010.08.28"]
[Round "6.7"]
[White "Rusev,A"]
[Black "Gerber,R"]
[Result "1-0"]
[WhiteElo "2210"]
[BlackElo "2384"]

1.d4 d6 2.c4 g6 3.Nc3 Bg7 4.e4 Nf6 5.Nf3 O-O 6.Be2 e5 7.d5 Na6 8.Bg5 h6 9.Bh4 g5
10.Bg3 Nh5 11.Nd2 Nf4 12.O-O f5 13.exf5 Bxf5 14.Nde4 Qd7 15.f3 Qf7 16.a3 Qg6
17.b4 Rad8 18.Ra2 c6 19.dxc6 bxc6 20.Rd2 g4 21.Nxd6 Nxe2+ 22.Nxe2 gxf3 23.Rxf3 Bg4
24.Rxf8+ Rxf8 25.Qb3 Qf6 26.c5+ Kh8 27.Qd1 Qg5 28.Nc4 Nc7 29.Qe1 Nd5 30.h3 Bh5
31.Kh2 Nf4 32.Nc3 Bf7 33.Nd6 Bg8 34.Nce4 Qg6 35.a4 a6 36.b5 axb5 37.axb5 cxb5
38.Nxb5 Rb8 39.Nbd6 Ne6 40.c6 Rb6 41.Qc1 Nc7 42.Qc5 Ra6 43.Bxe5 Bxe5+ 44.Qxe5+ Qg7
45.Qxg7+ Kxg7 46.Nf5+ Kh8 47.Rd8 Ra8 48.Rd7 Be6 49.Rxc7 Bxf5 50.Nd6 Be6 51.Re7  1-0

[Event "TCh-SRB 1st League"]
[Site "Vrnjacka Banja SRB"]
[Date "2010.08.28"]
[Round "8"]
[White "Laketic,G"]
[Black "Arsovic,G"]
[Result "1-0"]
[WhiteElo "2442"]
[BlackElo "2434"]

1.d4 Nf6 2.Nf3 g6 3.c4 Bg7 4.Nc3 d6 5.e4 O-O 6.Be2 e5 7.d5 a5 8.Bg5 Qe8 9.Nd2 Kh8
10.h4 Ng8 11.h5 f5 12.g3 h6 13.hxg6 Qxg6 14.Bh4 Nf6 15.Bxf6 Bxf6 16.Bh5 Qh7
17.Qe2 f4 18.O-O-O Nd7 19.Bg4 Nc5 20.Bxc8 Raxc8 21.Nf3 fxg3 22.Qe3 Kg7 23.Rdg1 Rh8
24.Rxg3+ Kf7 25.Rgh3 h5 26.Ng5+ Bxg5 27.Qxg5 Rcg8 28.Qxh5+ Qxh5 29.Rxh5 Rxh5
30.Rxh5 Rg2 31.Rf5+ Kg6 32.Rf3 Rxf2 33.Rxf2 Nd3+ 34.Kd2 Nxf2 35.Ke2 Ng4 36.Nb5 Nf6
37.Nxc7 Nxe4 38.Nb5 a4 39.Ke3 Kf5 40.b3 a3 41.b4 b6 42.Kd3 Kf4 43.Nxa3 Kf3
44.Nb5  1-0

[Event "Open"]
[Site "Baku AZE"]
[Date "2010.08.29"]
[Round "7"]
[White "Miroshnichenko,E"]
[Black "Mamedov,Rau"]
[Result "1/2-1/2"]
[WhiteElo "2686"]
[BlackElo "2660"]

1.d4 d6 2.c4 g6 3.Nc3 Bg7 4.e4 Nf6 5.Be2 O-O 6.Nf3 e5 7.O-O exd4 8.Nxd4 Re8
9.f3 Nc6 10.Be3 Nh5 11.g3 f5 12.Nxc6 bxc6 13.Bd4 Nf6 14.exf5 Bxf5 15.Re1 Qd7
16.Qd2 c5 17.Bf2 Qf7 18.Bf1 Rf8 19.b3 Bd7 20.Bg2 Bc6 21.Rac1 Rad8 22.f4 Bxg2
23.Kxg2 Rde8 24.Rxe8 Rxe8 25.Re1 Rxe1 26.Qxe1 Qd7 27.Qe2 c6 28.h3 h5 29.Ne4 Nxe4
30.Qxe4 Kf7  1/2-1/2

[Event "9th Georgiev-Kesarovski Mem"]
[Site "Sunny Beach BUL"]
[Date "2010.08.29"]
[Round "2"]
[White "Dimitrov,De"]
[Black "Lamorelle,J"]
[Result "1-0"]
[WhiteElo "2053"]
[BlackElo "2278"]

1.Nf3 Nf6 2.c4 g6 3.Nc3 Bg7 4.e4 d6 5.d4 O-O 6.Be2 e5 7.O-O exd4 8.Nxd4 Re8
9.f3 Nc6 10.Be3 Nh5 11.Qd2 Nxd4 12.Bxd4 Nf4 13.Rfd1 Qg5 14.Bf1 Bxd4+ 15.Qxd4 Ne6
16.Qd2 Qxd2 17.Rxd2 f6 18.Nd5 Kf7 19.g3 Bd7 20.Bh3 Ng5 21.Bg2 Rac8 22.c5 f5
23.h4 Ne6 24.cxd6 cxd6 25.Nc3 Bc6 26.exf5 gxf5 27.Rxd6 Nc5 28.b4 Ne6 29.b5 Bxf3
30.Bxf3 Rxc3 31.Bh5+ Ke7 32.Rxe6+ Kxe6 33.Re1+ Kd6 34.Rxe8 Rxg3+ 35.Kh2  1-0

[Event "1st Campomanes Memorial Cup Open"]
[Site "Manila PHI"]
[Date "2010.08.30"]
[Round "4"]
[White "Li Chao2"]
[Black "Ding Liren"]
[Result "1/2-1/2"]
[WhiteElo "2629"]
[BlackElo "2574"]

1.d4 Nf6 2.c4 g6 3.Nc3 Bg7 4.e4 d6 5.Nf3 O-O 6.Be2 e5 7.Be3 c6 8.d5 Ng4 9.Bg5 f6
10.Bh4 c5 11.O-O Na6 12.a3 Qe7 13.Ne1 Nh6 14.Nd3 g5 15.Bg3 f5 16.f3 f4 17.Bf2 Nf7
18.b4 b6 19.bxc5 bxc5 20.Rb1 h5 21.Rb5 Nh6 22.Ra5 g4 23.Qa4 Nb8 24.Nb5 a6
25.Nxd6 Qxd6 26.Bxc5 Qd8 27.Bxf8 Bxf8 28.Nxe5 Nd7 29.Nd3 g3 30.Nxf4 Rb8 31.Ne6 Qh4
32.hxg3 Qxg3 33.d6 Nc5 34.Rxc5 Bxe6 35.Qa5 Nf7 36.Rxh5 Rb2 37.Qe1 Qg6 38.f4 Rxe2
39.Qxe2 Bg4 40.Qd3 Qxh5 41.e5 Nxd6 42.exd6 Qc5+ 43.Kh2 Qh5+ 44.Kg1 Qc5+ 45.Rf2 Bf5
46.Qg3+ Kf7 47.Kh2 Bxd6 48.Rd2 Qc7 49.Rd4 Qd8 50.Rd5 Qh8+ 51.Kg1 Qa1+ 52.Kh2 Qh8+
53.Kg1 Qa1+ 54.Kf2 Qb2+ 55.Ke1 Qb1+ 56.Kf2 Qb2+ 57.Ke1 Qb1+ 58.Kf2  1/2-1/2

[Event "17th Open A"]
[Site "Graz AUT"]
[Date "2010.08.31"]
[Round "4"]
[White "Mohr,G"]
[Black "Shengelia,D"]
[Result "1-0"]
[WhiteElo "2511"]
[BlackElo "2582"]

1.Nf3 Nf6 2.c4 g6 3.Nc3 Bg7 4.e4 d6 5.d4 O-O 6.Be2 e5 7.d5 a5 8.Bg5 Na6 9.Nd2 Nc5
10.O-O Qe8 11.b3 Nfd7 12.a3 f6 13.Be3 f5 14.f3 f4 15.Bf2 g5 16.b4 axb4 17.axb4 Rxa1
18.Qxa1 Na6 19.Qa3 Rf6 20.c5 dxc5 21.bxc5 Bf8 22.d6 cxd6 23.c6 Ndc5 24.cxb7 Bxb7
25.Nd5 Bxd5 26.exd5 Nb8 27.Bxc5 dxc5 28.Ne4 Rb6 29.d6 Nd7 30.Qa4 Kh8 31.Bb5 Bxd6
32.Bxd7 Qb8 33.Bf5 Be7 34.h3 Qf8 35.Qd7 c4 36.Qc7 Rb2 37.Ra1 c3 38.Qxe5+  1-0